[Event "DEN-ch corr"]
[Site "Denmark"]
[Date "1979.??.??"]
[Round "?"]
[White "Ingerslev, Aage"]
[Black "Marcussen, Rudolf"]
[Result "1-0"]
[WhiteElo "2293"]
[BlackElo "1958"]
[PlyCount "55"]
[EventDate "1979.??.??"]
[EventType "tourn (corr)"]
[EventRounds "17"]
[EventCountry "DEN"]
[SourceTitle "Corr 2000"]
[Source "ChessBase"]
[SourceDate "2000.04.19"]
[SourceVersion "1"]
[SourceVersionDate "2000.04.19"]
[SourceQuality "1"]

1. e4 e6 2. d4 d5 3. Nd2 Nf6 4. e5 Nfd7 5. Bd3 c5 6. c3 b6 7. Ne2 Ba6 8. Bxa6 Nxa6 9. 0-0 Nc7 10. Nf4 g6 11. c4 cxd4 12. cxd5 Nxe5 13. dxe6 Nxe6 14. Qe1 Bg7 15. Nxe6 fxe6 16. f4 Nd7 17. Qxe6+ Qe7 18. Qd5 0-0-0 19. Nf3 Qc5 20. Qa8+ Nb8 21. Bd2 d3+ 22. Kh1 Bxb2 23. Rab1 Qa3 24. Bc1 Bxc1 25. Rbxc1+ Kd7 26. Qd5+ Ke7 27. Qe5+ Kd7 28. Rc7# 1-0

[Event "DEN-ch corr"]
[Site "Denmark"]
[Date "1979.??.??"]
[Round "?"]
[White "Johansen, Mogens Ravn"]
[Black "Marcussen, Rudolf"]
[Result "0-1"]
[WhiteElo "2015"]
[BlackElo "1958"]
[PlyCount "48"]
[EventDate "1979.??.??"]
[EventType "tourn (corr)"]
[EventRounds "17"]
[EventCountry "DEN"]
[SourceTitle "Corr 2000"]
[Source "ChessBase"]
[SourceDate "2000.04.19"]
[SourceVersion "1"]
[SourceVersionDate "2000.04.19"]
[SourceQuality "1"]

1. e4 e6 2. d4 d5 3. Nd2 Nf6 4. e5 Nfd7 5. Bd3 c5 6. c3 b6 7. Ne2 Ba6 8. Bxa6 Nxa6 9. 0-0 Nc7 10. f4 g6 11. Nf3 h5 12. g3 Be7 13. h3 c4 14. Be3 b5 15. Qd2 Nb6 16. g4 hxg4 17. hxg4 Qd7 18. Kg2 a5 19. Rh1 0-0-0 20. Bf2 Rdg8 21. Bh4 Ne8 22. Bxe7 Qxe7 23. Rag1 Qf8 24. Ng5 Kd7 0-1